Učitavanje...
Economies of scale in manufacturing industry /
| Glavni autor: | |
|---|---|
| Format: | Printed Book |
| Jezik: | English |
| Izdano: |
London :
Cambridge University Press,
1971.
|
| LEADER | 00506nam a22001337a 4500 | ||
|---|---|---|---|
| 008 | 171107b xxu||||| |||| 00| 0 eng d | ||
| 999 | |c 164992 |d 164992 | ||
| 082 | |a 338.510942 | ||
| 100 | |a Pratten, C. F. | ||
| 245 | |a Economies of scale in manufacturing industry / |c C. F. Pratten | ||
| 260 | |b Cambridge University Press, |c 1971. |a London : | ||
| 300 | |a 352 p. | ||
| 942 | |c BK | ||
| 952 | |0 0 |1 0 |4 0 |6 338_510942000000000_PRA_E |7 0 |8 SEC |9 181338 |a CMS |b CMS |c ST1 |d 2017-11-07 |i 157 |l 0 |o 338.510942 PRA/E |p CMS157 |r 2017-11-07 |w 2017-11-07 |y BK | ||